00483 2200193 4500001002100000005001500021008004100036020002200077035001900099041000700118082001100125090001700136100001600153245003900169260003100208300002900239500001100268650001000279INLIS00000000002493420241224131826241224||||||||| | ||| |||| || |  a978-979-3785-56-1 0010-1224024934 aid0 a297.14 a297.14 KHA t0 aAmru Khalid00aTampil Menawan Dengan Akhlaq Mulia bCAKRAWALA PUBLISHINGc2010 a21x14 cm, xiv, 250 hlm.; aCet. 2 0aAgama